[Event "Belgorod Elo"]
[Site "Belgorod"]
[Date "2007.06.10"]
[Round "15"]
[White "Ivanov, Maxim"]
[Black "Tugolukov, Sergey"]
[Result "1/2-1/2"]
[WhiteElo "1972"]
[BlackElo "2081"]
[PlyCount "38"]
[EventDate "2007.06.01"]
[EventType "tourn"]
[EventRounds "17"]
[EventCountry "RUS"]
[SourceTitle "EXT 2009"]
[Source "ChessBase"]
[SourceDate "2008.11.26"]
[SourceVersion "1"]
[SourceVersionDate "2008.11.26"]
[SourceQuality "1"]

1. e4 e6 2. d4 d5 3. Nc3 Nf6 4. Bg5 dxe4 5. Nxe4 Nbd7 6. Nf3 Be7 7. Nxf6+ Bxf6 8. Qd2 b6 9. Bxf6 Qxf6 10. Bb5 0-0 11. Bc6 Rb8 12. 0-0 Rd8 13. Rad1 Bb7 14. Bxb7 Rxb7 15. b4 c6 16. c4 Rc7 17. Qe3 h6 18. h3 Rdc8 19. Ne5 Qe7 1/2-1/2

[Event "Belgorod Elo"]
[Site "Belgorod"]
[Date "2007.06.08"]
[Round "13"]
[White "Saakian, Felix"]
[Black "Tugolukov, Sergey"]
[Result "1-0"]
[WhiteElo "2067"]
[BlackElo "2081"]
[PlyCount "49"]
[EventDate "2007.06.01"]
[EventType "tourn"]
[EventRounds "17"]
[EventCountry "RUS"]
[SourceTitle "EXT 2009"]
[Source "ChessBase"]
[SourceDate "2008.11.26"]
[SourceVersion "1"]
[SourceVersionDate "2008.11.26"]
[SourceQuality "1"]

1. e4 c5 2. Nf3 Nc6 3. d4 cxd4 4. Nxd4 e6 5. Nc3 d6 6. Bc4 Bd7 7. Bb3 a6 8. Be3 Nf6 9. f3 Rc8 10. g4 Nxd4 11. Bxd4 Bc6 12. Qd2 Nd7 13. 0-0-0 b5 14. Kb1 Ne5 15. Qe2 Qh4 16. Rhg1 h5 17. g5 Be7 18. g6 Nxg6 19. Rxg6 fxg6 20. Bxe6 Bd7 21. Bb3 b4 22. Nd5 Bb5 23. Qg2 Qg5 24. Qh3 Bd7 25. Ba4 1-0

[Event "Belgorod Rector Cup-C 3rd"]
[Site "Belgorod"]
[Date "2007.03.09"]
[Round "8"]
[White "Tugolukov, Sergey"]
[Black "Da Silva Borges, Rodrigo"]
[Result "0-1"]
[WhiteElo "2121"]
[BlackElo "2057"]
[PlyCount "70"]
[EventDate "2007.03.04"]
[EventType "tourn"]
[EventRounds "9"]
[EventCountry "RUS"]
[SourceTitle "EXT 2010"]
[Source "ChessBase"]
[SourceDate "2010.11.25"]
[SourceVersion "1"]
[SourceVersionDate "2010.11.25"]
[SourceQuality "1"]

1. c4 Nf6 2. Nc3 e6 3. e4 d5 4. exd5 exd5 5. d4 Be7 6. Bd3 0-0 7. Nge2 dxc4 8. Bxc4 Bf5 9. 0-0 c6 10. a4 Nbd7 11. Bd3 Bxd3 12. Qxd3 Nc5 13. Qc4 Ne6 14. Rd1 Qc7 15. d5 cxd5 16. Qxc7 Nxc7 17. Bf4 Rac8 18. Bxc7 Rxc7 19. Nxd5 Nxd5 20. Rxd5 Rc2 21. Ng3 Rxb2 22. Rb5 Rxb5 23. axb5 Bc5 24. Kf1 Re8 25. f3 Re5 26. Ne4 Bb6 27. Rb1 f5 28. Nd6 Rd5 29. Nc4 Bc7 30. h3 Rc5 31. Rb4 Bg3 32. Ke2 Kf7 33. Kd3 Ke6 34. Ra4 Bb8 35. Ke3 Rxb5 0-1

[Event "Belgorod Rector Cup-C 3rd"]
[Site "Belgorod"]
[Date "2007.03.07"]
[Round "5"]
[White "Tugolukov, Sergey"]
[Black "Gorbunova, Alexandra"]
[Result "1/2-1/2"]
[WhiteElo "2121"]
[BlackElo "1977"]
[PlyCount "59"]
[EventDate "2007.03.04"]
[EventType "tourn"]
[EventRounds "9"]
[EventCountry "RUS"]
[SourceTitle "EXT 2010"]
[Source "ChessBase"]
[SourceDate "2010.11.25"]
[SourceVersion "1"]
[SourceVersionDate "2010.11.25"]
[SourceQuality "1"]

1. e4 d6 2. d4 g6 3. c4 Bg7 4. f4 Nf6 5. Nc3 0-0 6. Nf3 a5 7. Bd3 Na6 8. 0-0 Bg4 9. Be3 c5 10. d5 Nc7 11. h3 Bd7 12. e5 Nfe8 13. Qe2 b6 14. Bf2 e6 15. Bh4 f6 16. Rae1 Qc8 17. g4 dxe5 18. fxe5 exd5 19. cxd5 fxe5 20. Nxe5 Nf6 21. Nxd7 Qxd7 22. Qe7 Qxe7 23. Rxe7 Nfxd5 24. Bc4 Rxf1+ 25. Kxf1 Bxc3 26. bxc3 b5 27. Rxc7 bxc4 28. Rxc5 Nxc3 29. Rxc4 Nxa2 30. Ra4 1/2-1/2